000 00503nam a2200157 a 4500
001 000037995
005 20201002031140.0
008 130311s2012 dr 000 0 spa d
020 _a9789945005974
040 _aDO-SdBNP
_bspa
_cBNPHU
245 0 0 _aVeinte veces luna es poesía :
_bantología poética /
_cedición, presentación y notas de Rei Berroa.
260 _aSanto Domingo :
_bEditora Búho,
_c2012.
300 _a342 p.
490 1 _aLibros de la luna
_v7
830 0 _aLibros de la luna
_n7
_964402
999 _c37485
_d37485